Datum a čas kvízu
36
Celkem bodů
Celkový počet nahraných bodů na tomto kvízu bez doplňovacích otázek.
2.
Pořadí na kvízu
Konečné umístění týmu na tomto kvízu.
Zaznamenané odpovědi
| # | Otázka | Odpověď | Body | Výsledky |
|---|---|---|---|---|
| 1. | Při úřadu vlády vznikne komise... | Ďáblický hřbitov | 0 | |
| 2. | Na Tchaj-wanu se v poslední do... | medvídek Pú | 0 | |
| 3. | V pátek vyšlo nové album legen... | Metallica | 1 | |
| 4. | Ve které zemi byl minulý týden... | ve Finsku | 1 | |
| 5. | Šestý zápas mimořádně zajímavé... | ve 4. prodloužení | 1 | |
| 6. | Pokračujeme představováním fil... | Liam Neeson | 1 | |
| 7. | Sedmý film žebříčku byl natoče... | Francis Ford Coppola, Marlon Brando, Al Pacino | 1 | |
| 8. | Jak se jmenuje původem český h... | Jiří Voskovec | 1 | |
| 9. | Film Nedotknutelní byl natočen... | Francie | 1 | |
| 10. | Ve kterém roce byl poprvé uved... | v roce 1999 (odpovědi 1998 a 2000 získávají půl bodu) | 0.5 |